Computer organization and architecture : designing for performance /

Detaylı Bibliyografya
Yazar: Stallings, William
Materyal Türü: Kitap
Dil:English
Baskı/Yayın Bilgisi: Upper Saddle River, N.J. ; New Delhi : Prentice Hall, c1996
Edisyon:4th ed.
Konular:
Classic Catalogue: View this record in Classic Catalogue
LEADER 01401nam a2200277 a 4500
001 1142298
008 101030r20001996njua b 001 0 eng d
010 |a  95009115  
020 |a 013359985X 
020 |a 8120311558 
040 |a DLC  |c DLC  |d DLC  |d BD-DhAAL  
082 0 0 |a 004.2/2  |2 20 
100 1 |a Stallings, William. 
245 1 0 |a Computer organization and architecture :  |b designing for performance /  |c William Stallings. 
250 |a 4th ed. 
260 |a Upper Saddle River, N.J. ;  |a New Delhi :  |b Prentice Hall,  |c c1996   |g (Reprinted 2000). 
300 |a xiv, 682 p. :  |b ill. ;  |c 25 cm. 
504 |a Includes bibliographical references (p. 655-668) and index. 
541 1 |e 00012182 
650 0 |a Computer organization. 
650 0 |a Computer architecture. 
852 4 |a Ayesha Abed Library   |j General Shelf. 
999 |c 9933  |d 9933 
952 |0 0  |1 0  |2 ddc  |4 0  |6 004_220000000000000_STA  |7 0  |9 12883  |a BRACUL  |b BRACUL  |c GEN  |d 2010-10-30  |l 0  |o 004.22 STA  |p 3010012182  |r 2010-10-30  |t 1  |w 2010-10-30  |y BK  |x Price not available in Register 
952 |0 0  |1 0  |2 ddc  |4 0  |6 004_220000000000000_STA  |7 0  |9 12884  |a BRACUL  |b BRACUL  |c GEN  |d 2010-10-30  |l 1  |m 13  |o 004.22 STA  |p 3010012184  |r 2019-12-24  |s 2019-10-17  |t 3  |w 2010-10-30  |y BK  |x Price not available in Register 
952 |0 0  |1 0  |2 ddc  |4 0  |6 004_220000000000000_STA  |7 0  |9 22105  |a BRACUL  |b BRACUL  |c GEN  |d 2013-03-27  |l 0  |o 004.22 STA  |p 3010012183  |r 2013-03-27  |t 2  |w 2013-03-27  |y BK  |x Price not available in Register